00662nam a22001815i 450000100060000000300090000600500170001500700030003200800410003504000200007610000170009624501490011326000640026230000340032670000150036074000840037585200210045968693ES-MaACL20230906170334.0t|960827s1887 fr a ||||1| spa d aCAM bspa cCAM1 aGhirelli, F.10aMedicina electro-homeopática o Tratamiento de las enfermedades por medio de remedios homeopáticos complejos / cpor F. Ghirelli y P. Ponzio. aNice : b[s.n.], c1887 (fImpr. de V. Eug. Gauthier y Cie) aXV, 407 p. : bil. ; c19 cm.1 aPonzio, P.0 aTratamiento de las infermedades por medio de remedios homeopáticos complejos. aES-MaACLjF-8789